02073nam a2200241Ia 45000010005000000080041000050100008000460410014000540820020000682450138000882600018002263000008002445200007002526300016002596300028002756300023003036300027003266300022003536500016003757000033003917000028004245201379004521004241029s9999 xx 000 0 und d a922 aEspañol aTPG MMM-01 2008 0aEstrategia didáctica para la formación y desarrollo de habilidades referidas a trabajo en equipo con apoyo, en las TIC en UNAPEC. aSanto Domingo a127 a18 aFormación aOrientación Educativa aPráctica Docente aTecnología Educativa aTrabajo en Equipo aEnseñanza easesoraMontes de Oca, Nancy eautoraJulián, Soraya aEsta investigación hace referencia a la problemática formación y desarrollo de la habilidad trabajo en equipo, con apoyo de las TIC. A través de la caracterización y el diagnóstico, se identificaron insuficiencias relacionadas con esta problemática, en la asignatura Orientación Universitaria. Por lo que es importante trabajar la formación y desarrollo de la misma. Para ello, se determinó el siguiente problema de investigación: insuficiente desempeño en la formación y desarrollo de la habilidad referida al trabajo en equipo con apoyo de las TIC en UNAPEC. El objetivo de la investigación es el diseño de una estrategia didáctica, a partir de una serie de tareas, para la formación y desarrollo de la habilidad referida al trabajo en equipo con apoyo de las TIC, en la asignatura Orientación Universitaria, SOC-030. Se utilizaron varios métodos y técnicas acorde con la investigación realizada. El aporte científico estará dado en la estrategia didáctica, basada en una tipología de tareas docentes para la formación y desarrollo de la habilidad referida a trabajo en equipo, con apoyo en las TIC, en los y las estudiantes en la asignatura Orientación Universitaria SOC-030. La cual también será de gran utilidad para los docentes. A través de la tesis se evidencia la eficacia de la estrategia planteada.